Normal view
MARC view
- Zhengping Zou, Songtao Wang, et al
Entry Personal Name
001 - CONTROL NUMBER
- control field: 116142
003 - CONTROL NUMBER IDENTIFIER
- control field: NUST
005 - DATE AND TIME OF LATEST TRANSACTION
- control field: 20230912165832.0
008 - FIXED-LENGTH DATA ELEMENTS
- fixed length control field: 230912|| aca||aabn | a|a d
040 ## - CATALOGING SOURCE
- Original cataloging agency: NUST
- Transcribing agency: NUST
100 ## - HEADING--PERSONAL NAME
- Personal name: Zhengping Zou, Songtao Wang, et al
670 ## - SOURCE DATA FOUND
- Source citation: Work cat.: (NUST): Zhengping Zou, Songtao Wang, et al., Axial turbine aerodynamics for aero-engines : flow Analysis and Aerodynamics Design / Zhengping Zou, Songtao Wang, et al.
